La Tauromaquia de José María Manzanares / (Record no. 5544)

MARC details
000 -LEADER
campo de control de longitud fija 00826nam a2200253 i 4500
001 - NÚMERO DE CONTROL
campo de control 5544
003 - IDENTIFICADOR DE NÚMERO DE CONTROL
campo de control ES-MaACL
005 - FECHA Y HORA DE LA ÚLTIMA TRANSACCIÓN
campo de control 20230906144621.0
007 - CAMPO FIJO DE DESCRIPCIÓN FÍSICA--INFORMACIÓN GENERAL
campo de control de longitud fija t|
008 - DATOS DE LONGITUD FIJA--INFORMACIÓN GENERAL
campo de control de longitud fija 881111s1987 sp ||||1|bspa d
020 ## - NÚMERO INTERNACIONAL ESTÁNDAR DEL LIBRO
Número Internacional Estándar del Libro 84-7600-172-X
080 ## - NÚMERO DE LA CLASIFICACIÓN DECIMAL UNIVERSAL
Número de la Clasificación Decimal Universal 791.862 Manzanares, J.M.
080 ## - NÚMERO DE LA CLASIFICACIÓN DECIMAL UNIVERSAL
Número de la Clasificación Decimal Universal 92 Manzanares, J.M.
100 1# - ENTRADA PRINCIPAL--NOMBRE DE PERSONA
Nombre de persona Arévalo, José Carlos.
9 (RLIN) 22655
245 13 - MENCIÓN DEL TÍTULO
Título La Tauromaquia de José María Manzanares /
Mención de responsabilidad, etc. José Carlos Arévalo, José Antonio del Moral.
260 ## - PUBLICACIÓN, DISTRIBUCIÓN, ETC.
Lugar de publicación, distribución, etc. Torrejón de Ardoz, Madrid :
Nombre del editor, distribuidor, etc. Akal,
Fecha de publicación, distribución, etc. 1987.
300 ## - DESCRIPCIÓN FÍSICA
Extensión 153 p., 1 h. ;
Dimensiones 18 cm.
490 1# - MENCIÓN DE SERIE
Mención de serie Las Tauromaquias ;
Designación de volumen o secuencia 1
600 14 - PUNTO DE ACCESO ADICIONAL DE MATERIA--NOMBRE DE PERSONA
Nombre de persona Manzanares, José María.
9 (RLIN) 76199
700 0# - ENTRADA AGREGADA--NOMBRE PERSONAL
Nombre de persona Moral, José Antonio del.
9 (RLIN) 82936
830 0# - PUNTO DE ACCESO ADICIONAL DE SERIE-TÍTULO UNIFORME
Título uniforme Las Tauromaquias ;
Designación de volumen o secuencia 1
9 (RLIN) 227702
852 ## - LOCALIZACIÓN
Ubicación ES-MaACL
Número de control de estantería L-12230
Sublocalización o colección R.114665
Nota libre . - Plast.
Holdings
Estatus retirado Estado de pérdida Estado de daño No para préstamo Biblioteca de origen Biblioteca actual Ubicación en estantería Fecha de adquisición Fuente de adquisición Total de préstamos Signatura topográfica completa Código de barras Visto por última vez Precio de reemplazo Tipo de ítem Koha
        Biblioteca del Ateneo de Madrid Biblioteca del Ateneo de Madrid Depósito 2 17/01/2008     L-12230 1005618 23/02/2023 23/02/2023 Libro impreso